| 000 | 00989cam a2200241 4500 | ||
|---|---|---|---|
| 001 | ##L132532 | ||
| 008 | 060215n2006 000 0 eng u | ||
| 020 | _a0860176525 | ||
| 035 | _a(Sirsi) u132532 | ||
| 041 | 0 | _aeng | |
| 050 | 0 | 4 | _a690.16 $2 18 |
| 100 | 1 | _aCarpenter, John | |
| 245 | 0 | 0 |
_aSafer surfaces to walk on _breducing the risk of slipping |
| 260 |
_aLondon _bCIRIA _c2006 |
||
| 300 |
_a254p. _ill. _c30cm. + _e1 CD-ROM |
||
| 490 | 0 |
_aCIRIA _vC652 |
|
| 520 | _aSlips are the most common cause of injury in the workplace. This guide summarises the current research into this type of accident and its causes, and offers advice on providing, specifying and maintaining safe flooring surfaces. Accompanying CD-ROM contains a presentation and training material on managing trips and slips. | ||
| 590 | _aIKA220806 | ||
| 690 | _aBUILT ENVIRONMENT-BUILDING ELEMENTS-COMPLETE BUILDING ELEMENTS-FLOORS | ||
| 700 | 1 | _aLazarus, Deborah | |
| 700 | 1 | _aPerkins, Clare | |
| 942 | _n0 | ||
| 999 |
_c105170 _d105170 |
||